Normal view
MARC view
Entry Topical Term
001 - CONTROL NUMBER
- control field: 54161
003 - CONTROL NUMBER IDENTIFIER
- control field: OSt
005 - DATE AND TIME OF LATEST TRANSACTION
- control field: 20250610145909.0
008 - FIXED-LENGTH DATA ELEMENTS
- fixed length control field: 250610|| aca||aabn | a|a d
040 ## - CATALOGING SOURCE
- Original cataloging agency: OSt
- Transcribing agency: OSt
150 ## - HEADING--TOPICAL TERM
- Topical term or geographic name entry element: Trust, Trustworthiness, Dynamics, Multilevel, Benevolence, Competence, Intertie.
670 ## - SOURCE DATA FOUND
- Source citation: Work cat.: (OSt): Fossen, Jenna A. Van et al 54160, The dynamics of trust and trustworthiness perceptions in a government agency: A longitudinal perspective
